| 000 | 01683nam0a2200349 i 4500 | ||
|---|---|---|---|
| 001 | RU\NLR\BIBL_A\010957967 | ||
| 005 | 20260406023216.0 | ||
| 010 |
_a9785990711358 _9500 |
||
| 021 |
_aRU _b2015-102687 _96406 |
||
| 035 | _a(NILC)RuMoRGB-008110836 | ||
| 035 | _a(NLR Aleph) 010957967 | ||
| 090 |
_a10793230 _c10793230 |
||
| 100 | _a20160127d2015 um y0rusy50 ca | ||
| 101 | 0 | _arus | |
| 102 | _aRU | ||
| 105 | _aa|||j|||000yy | ||
| 200 | 1 |
_aУправление проектами _eучебное пособие _fВиноградова Светлана Александровна, Красильникова Анастасия Юрьевна, Миронов Роман Алексеевич _gРоссийская акад. нар. хоз-ва и гос. службы при Президенте Российской Федерации, Дзержинский фил. |
|
| 210 |
_aДзержинск _cКонкорд _d2015 |
||
| 215 |
_a264 с. _cил., табл. _d20 |
||
| 320 | _aБиблиогр.: с. 257-259 (44 назв.) | ||
| 606 |
_aПроекты _xУправление _91734110 _3RU\NLR\AUTH\661071500 |
||
| 675 | _a33.05 | ||
| 686 | 1 | _aУ21(0)2я73 | |
| 700 | 1 |
_7ca _8rus _aВиноградова _bС. А. _cканд. пед. наук, экономика _gСветлана Александровна _9107673 _3RU\NLR\AUTH\77124748 |
|
| 701 | 1 |
_aКрасильникова _gАнастасия Юрьевна |
|
| 701 | 1 |
_aМиронов _bР. А. _gРоман Алексеевич |
|
| 801 | 0 |
_aRU _bРГБ _c20160112 _gRCR |
|
| 801 | 1 |
_aRU _bРГБ _c20160112 _2rusmarc |
|
| 942 | _cBOOK | ||
| 980 | _aNBR | ||